| 000 | 00907nam a22001935i 4500 | ||
|---|---|---|---|
| 001 | 156471 | ||
| 003 | ES-MaACL | ||
| 005 | 20230906210421.0 | ||
| 008 | 040805s1884 fr a |||| | fre d | ||
| 040 |
_aCAM _bspa _cCAM |
||
| 100 | 1 |
_aJozan de Saint-André, Émile. _9128379 |
|
| 245 | 1 | 0 |
_aTraité pratique des maladies des voies urinaires et des organes générateurs de l'homme / _cpar Em. Jozan père et Georges Jozan. |
| 250 |
_a21e éd. _bent. ref. et aug., ill. de 355 figures d'anatomie et de 16 planches chromo-lithographiques contenant 29 figures. |
||
| 260 |
_aParis : _bles auteurs: Em. Jozan et Georges Jozan : _bMarpon & Flammarion, _c1884 ( _ftypographie Paul Schmidt) |
||
| 300 |
_aXVI, 898 p. : _bil. ; _c18 cm. |
||
| 650 | 4 |
_aAparato génito urinario- _xEnfermedades. _9135583 |
|
| 700 | 1 | 1 |
_aJozan, George. _9128380 |
| 852 |
_aES-MaACL _jD-2155 _z-- Enc. hol. _z-- Legado M. de La Fuente |
||
| 999 |
_c156471 _d156471 |
||